00650nmc a2200253 a 4500003000900000005001700009008004100026040001300067100002800080245001700108250001200125260003700137300001100174490001400185650002500199650001200224650001500236650002900251650002900280651003500309653001400344653002300358655001500381AR-BaBNM20251128202753.0237019s1975 ||||||||||||||000 | spa|| cAR-BaBNM1 aMujica Láinez, Manuel10aLos viajeros a3ª ed. aBuenos AiresbSudamericanac1975 a250 p. 0aHorizonte 4aLITERATURA ARGENTINA 4aNOVELAS 4aESCRITORES 4aLITERATURA CONTEMPORANEA 4aCOSTUMBRES Y TRADICIONES 4aBuenos Aires [Capital Federal] aNARRATIVA aINFLUENCIA CLASICA aLITERATURA